01484nam a2200373Ia 4500001001200000003000800012006001900020007001500039008004100054010001700095020004300112020003800155020002600193020004000219020003500259040002100294035002100315050002500336082001400361245014100375260004700516300002500563504005300588533015200641650002400793650002300817650002600840655002900866700002800895700002700923710001700950856012600967999001701093ebr10688033CaPaEBRm u cr cn|||||||||080926s2009 njua sb 001 0 eng d z 2008042460 z9789812834331 (hardcover : alk. paper) z9789812834348 (pbk. : alk. paper) z9789812834355 (ebook) z9812834338 (hardcover : alk. paper) z9812834346 (pbk. : alk. paper) aCaPaEBRcCaPaEBR a(OCoLC)78041704014aQH366.2b.D57 2009eb04a576.822200aDivine action and natural selectionh[electronic resource] :bscience, faith, and evolution /ceditors, Joseph Seckbach, Richard Gordon. aHackensack, NJ :bWorld Scientific,c2009. ali, 1069 p. :bill.  aIncludes bibliographical references and indexes. aElectronic reproduction.bPalo Alto, Calif. :cebrary,d2013.nAvailable via World Wide Web.nAccess may be limited to ebrary affiliated libraries. 0aEvolution (Biology) 0aNatural selection. 0aReligion and science. 7aElectronic books.2local1 aGordon, Richard,d1943-1 aSeckbach, J.q(Joseph)2 aebrary, Inc.40uhttp://site.ebrary.com/lib/rucke/Doc?id=10688033zAn electronic book accessible through the World Wide Web; click to view c29666d29666